书目信息 |
| 题名: |
环境数据统计分析基础
|
|
| 作者: | 程子峰 徐富春 编著 | |
| 分册: | ||
| 出版信息: | 北京 化学工业出版社 2006.30 |
|
| 页数: | ||
| 开本: | 32开 | |
| 丛书名: | ||
| 单 册: | ||
| 中图分类: | X11 | |
| 科图分类: | ||
| 主题词: | 环境数学 | |
| 电子资源: | ||
| ISBN: | 7-5025-8137-5 | |
| 000 | 00571nam0 2200181 450 | |
| 001 | 0736196517 | |
| 005 | 20070924100316.51 | |
| 010 | @a7-5025-8137-5@d¥28.00 | |
| 100 | @a20070924d km y0chiy0120 ea | |
| 101 | 0 | @achi |
| 200 | 1 | @a环境数据统计分析基础@Ahuan jing shu ju tong ji fen xi ji chu@f程子峰 徐富春 编著@Fcheng zi feng xu fu chun bian zhu |
| 210 | @a北京@c化学工业出版社@d2006.30 | |
| 215 | @d32开 | |
| 606 | 0 | @a环境数学 |
| 690 | @aX11@v3 | |
| 701 | 0 | @a程子峰 徐富春@Acheng zi feng xu fu chun@4编著 |
| 801 | 0 | @aCN@bPFT@c20070924 |
| 905 | @a213230@dX11@eZY91@f1 | |
| 环境数据统计分析基础/程子峰 徐富春 编著.-北京:化学工业出版社,2006.30 |
| 32开 |
| ISBN 7-5025-8137-5:¥28.00 |
| ● |
| 相关链接 |
|
|
|
|
正题名:环境数据统计分析基础
索取号:X11/ZY91
 
预约/预借
| 序号 | 登录号 | 条形码 | 馆藏地/架位号 | 状态 | 备注 |
| 1 | 7901402 | 279014022 | 密集书库-资源管理系/ [索取号:X11/ZY91] | 在馆 |